| 000 | 00758nam a22002297a 4500 | ||
|---|---|---|---|
| 999 |
_c14181 _d14181 |
||
| 003 | AR-CdUCM | ||
| 008 | 190422b ||||| |||| 00| 0 spa d | ||
| 020 | _a978-607-21-0247-7 | ||
| 040 |
_aMUNICIPALIDAD PROVINCIAL DEL CUSCO _cBIBLIOTECA MUNICIPAL DEL CUSCO |
||
| 082 |
_aPI / 376.1 / _bC63 |
||
| 110 |
_aEdiciones Larousse. _932843 |
||
| 245 | _aLos cinco sentidos / | ||
| 260 |
_aMéxico : _bEdiciones Larousse, _c2010. |
||
| 300 |
_a33 páginas ; _bilustraciones, _c18.5 cm. |
||
| 440 |
_aMi pequeña enciclopedia. _932844 |
||
| 650 |
_aLiteratura infantil _9588 |
||
| 650 |
_aCuentos infantiles _93927 |
||
| 650 |
_aEducación infantil _912296 |
||
| 700 |
_aFellner, Henri (ilustración) _932855 |
||
| 942 |
_2ddc _cLIBROS |
||
| 945 |
_aachl _d2019-04-22 |
||